| 000 | 00691nam a22002177a 4500 | ||
|---|---|---|---|
| 003 | OSt | ||
| 005 | 20251129104541.0 | ||
| 008 | 251129b |||||||| |||| 00| 0 eng d | ||
| 020 | _a971-086-860-8 | ||
| 040 |
_aDWCL-Main lib. _cOC |
||
| 082 |
_22nd ed. _aFil. 332.49 Al449i 2007 |
||
| 100 | _aAlminar-Mutya, Ruby F. | ||
| 245 |
_aIntroduction to Philippine money, credit, and banking/ _cRuby F. Alminar-Mutya |
||
| 250 | _a2nd ed. | ||
| 260 |
_aMandaluyong City: _bNational Book Store, _cc2007 |
||
| 300 |
_a273 p.ages : _billustrations; _c23 centimeters. |
||
| 650 | _a1. Banks and banking | ||
| 650 | _a2. Monetary | ||
| 650 | _a3. Money | ||
| 942 |
_2ddc _cBK - FIL _hFil. _n0 |
||
| 999 |
_c6610 _d6610 |
||